Discriminación y pluralismo cultural en la escuela. Casos de Brasil, Chile, Colombia, México y Perú.
Збережено в:
| Автор: | |
|---|---|
| Інші автори: | |
| Формат: | Книга |
| Опубліковано: |
Santiago, Chile:
UNESCO,
2005.
|
| Предмети: | |
| Онлайн доступ: | Disponible Online- UNESDOC Biblioteca Digital |
| Теги: |
Додати тег
Немає тегів, Будьте першим, хто поставить тег для цього запису!
|
MARC
| LEADER | 00000nam a22000007a 4500 | ||
|---|---|---|---|
| 003 | CL-VaPUC | ||
| 005 | 20230726105648.0 | ||
| 008 | 230707t2005 ||||| |||| 00| 0 eng d | ||
| 999 | |c 441320 |d 441318 | ||
| 020 | |a 956-8302-49-2 | ||
| 040 | |c Pontificia Universidad Católica de Valparaíso | ||
| 082 | |2 22 |a 370.117098 HEV 2005 | ||
| 100 | 1 | |a Hevia R., Ricardo |e coordinador |9 883617 | |
| 245 | |a Discriminación y pluralismo cultural en la escuela. |b Casos de Brasil, Chile, Colombia, México y Perú. | ||
| 260 | |a Santiago, Chile: |b UNESCO, |c 2005. | ||
| 300 | |a Vol. II: 403 páginas. | ||
| 500 | |a c.1 Donación Elizabeth Donoso. Memo Donación 22/06/2023. | ||
| 583 | |c 20230707 |k Catalogador Asistente | ||
| 650 | 0 | |9 473079 |a Diversidad cultural |v Material pedagógico |z Brasil |z Chile |z Colombia |z México |z Perú | |
| 650 | 0 | |9 525991 |a Discriminación cultural |x Políticas curriculares |x Colegios y escuelas |z América Latina | |
| 700 | |a Hirmas R., Carolina |e coordinadora |9 883618 | ||
| 856 | |u https://unesdoc.unesco.org/ark:/48223/pf0000145989 |y Disponible Online- UNESDOC Biblioteca Digital | ||
| 942 | |2 ddc |c BK | ||
| 952 | |0 0 |1 0 |2 ddc |4 0 |6 370_117098000000000_HEV_2005 |7 0 |8 A |9 590694 |a BIBEDU |b BIBEDU |c GEN |d 2023-07-07 |e Donación |h v.II |i 5657897 |o 370.117098 HEV 2005 |p 5657897 |r 2023-07-07 |t 1 |w 2023-07-07 |y BK |k EDI | ||